Transports urbains durables: <la> mise en ceuvre des politiques rapport final
Saved in:
| Corporate Author: | |
|---|---|
| Format: | Book |
| Language: | French |
| Published: |
Paris
OECD/CEMT
2002
|
| Subjects: | |
| Tags: |
No Tags, Be the first to tag this record!
|
MARC
| LEADER | 00000nam a2200000 4500 | ||
|---|---|---|---|
| 001 | c132511 | ||
| 005 | 20221221092244.2 | ||
| 020 | |a 92-821-2368-5 | ||
| 041 | 0 | |a fre | |
| 044 | |a FR | ||
| 245 | 1 | 0 | |a Transports urbains durables: <la> mise en ceuvre des politiques |b rapport final |
| 264 | 1 | |a Paris |b OECD/CEMT |c 2002 | |
| 300 | |a 75 s. | ||
| 610 | 2 | 0 | |a doprava |
| 610 | 2 | 0 | |a urbanizácia |
| 610 | 2 | 0 | |a motorizmus |
| 610 | 2 | 0 | |a doprava verejná |
| 610 | 2 | 0 | |a znečistenie ovzdušia |
| 610 | 2 | 0 | |a decentralizácia |
| 610 | 2 | 0 | |a politika dopravná |
| 610 | 2 | 0 | |a Európa |
| 610 | 2 | 0 | |a CEMT |
| 610 | 2 | 0 | |a OECD |
| 710 | 2 | |a OECD. European Conference of Ministers of Transport | |